00485nam a2200109Ia 4500008004100000050002300041100003300064245014600097260008600243300003400329521001200363140724s9999 xx 000 0 und d aRC 321b.P797 2010 aPonio, Kristie Anne Faith L. aRelationship between brain hemisphere dominance and the performance of BSN Students in a core nursing subject /cPonio, Kristie Anne Faith L. aLas Piñas, Philippines :bSouthville International School and Colleges,cc2010. a103 p. :bcol. Ill. ;c28 cm. aNursing